<?xml version='1.0' encoding='UTF-8'?>
  <record xmlns="http://www.loc.gov/MARC21/slim">
    <leader>00000cam a22000007i 4500</leader>
    <controlfield tag="001">ocm51080111</controlfield>
    <controlfield tag="003">OCoLC</controlfield>
    <controlfield tag="005">20250225104036.9</controlfield>
    <controlfield tag="008">900711s1553    sz            001 0dlat d</controlfield>
    <datafield tag="040" ind1=" " ind2=" ">
      <subfield code="a">EQO</subfield>
      <subfield code="b">eng</subfield>
      <subfield code="e">dcrmb</subfield>
      <subfield code="e">rda</subfield>
      <subfield code="c">EQO</subfield>
      <subfield code="d">OCLCQ</subfield>
      <subfield code="d">GZM</subfield>
      <subfield code="d">MNJ</subfield>
      <subfield code="d">OCLCA</subfield>
      <subfield code="d">OCLCQ</subfield>
      <subfield code="d">OCLCF</subfield>
      <subfield code="d">OCL</subfield>
      <subfield code="d">OCLCA</subfield>
      <subfield code="d">LGG</subfield>
      <subfield code="d">OCLCA</subfield>
      <subfield code="d">OCLCO</subfield>
      <subfield code="d">QGJ</subfield>
      <subfield code="d">OCLCO</subfield>
      <subfield code="d">OCLCL</subfield>
      <subfield code="d">OCLCQ</subfield>
      <subfield code="d">QGJ</subfield>
    </datafield>
    <datafield tag="035" ind1=" " ind2=" ">
      <subfield code="a">(OCoLC)51080111</subfield>
    </datafield>
    <datafield tag="043" ind1=" " ind2=" ">
      <subfield code="a">e-fr---</subfield>
      <subfield code="a">e-gx---</subfield>
      <subfield code="a">a-tu---</subfield>
    </datafield>
    <datafield tag="050" ind1="1" ind2="4">
      <subfield code="a">DG83.5.C7</subfield>
      <subfield code="b">C8 1553</subfield>
    </datafield>
    <datafield tag="100" ind1="1" ind2=" ">
      <subfield code="a">Cuspinianus, Johannes,</subfield>
      <subfield code="d">1473-1529,</subfield>
      <subfield code="e">author,</subfield>
      <subfield code="e">aut.</subfield>
      <subfield code="1">https://id.oclc.org/worldcat/entity/E39PBJx4qY7dvtkcwwcqrm9v73</subfield>
    </datafield>
    <datafield tag="240" ind1="1" ind2="0">
      <subfield code="a">De consulibus Romanorum commentarii</subfield>
    </datafield>
    <datafield tag="245" ind1="1" ind2="0">
      <subfield code="a">Ioannis Cuspiniani, uiri clarissimi, diui quondam Maximiliani imperatoris a Consilijs, &amp; oratoris De consulibus Romanorum commentarij :</subfield>
      <subfield code="b">ex optimis uetustissimisq[ue] authoribus collecti. Praefertur his commentariis, Sexti Ruffi V. Consularis rerum gestarum Pop. Rom. deq[ue] accessione imperij epitome, cum eiusdem cuspiniani eruditissimis scholijs. Magni Aurelii Cassiodori Senatoris Chronicon, siue de consulibus Romanorum libellus, passim Cuspiniani commentarijs insertus. Nicolai Gerbelii in eosdem commentarios, ad ornatiss, uirum d. Ioannem locabum fuggerum praefatio: in qua de chronographis, de eorum discordia, deq[ue] huius operis maxima utilitate. Ad haec, rerum atq[ue] uerborum tot opere memorabilium index locupletissimus.</subfield>
    </datafield>
    <datafield tag="246" ind1="3" ind2=" ">
      <subfield code="a">Joannis Cuspiniani, viri clarissimi, divi quondam Maximiliani imperatoris a Consilijs, et oratoris De consulibus Romanorum commentarij</subfield>
    </datafield>
    <datafield tag="246" ind1="3" ind2="0">
      <subfield code="a">De consulibus Romanorum commentarij</subfield>
    </datafield>
    <datafield tag="246" ind1="3" ind2=" ">
      <subfield code="a">Austria Ioannes Cuspiniani cum omnibus eiusdem marchionibus, ducibus, archiducibus, ac rebus praeclare ad haec usque tempora ab ijsdem gestis</subfield>
    </datafield>
    <datafield tag="264" ind1=" " ind2="1">
      <subfield code="a">Basileae :</subfield>
      <subfield code="b">Ex officina Ioannis Oporini.,</subfield>
      <subfield code="c">MDLIII [1553]</subfield>
    </datafield>
    <datafield tag="300" ind1=" " ind2=" ">
      <subfield code="a">578 [that is, 580], [8], 591-725, [44] pages ;</subfield>
      <subfield code="c">33 cm (folio)</subfield>
    </datafield>
    <datafield tag="336" ind1=" " ind2=" ">
      <subfield code="a">text</subfield>
      <subfield code="b">txt</subfield>
      <subfield code="2">rdacontent</subfield>
    </datafield>
    <datafield tag="337" ind1=" " ind2=" ">
      <subfield code="a">unmediated</subfield>
      <subfield code="b">n</subfield>
      <subfield code="2">rdamedia</subfield>
    </datafield>
    <datafield tag="338" ind1=" " ind2=" ">
      <subfield code="a">volume</subfield>
      <subfield code="b">nc</subfield>
      <subfield code="2">rdacarrier</subfield>
    </datafield>
    <datafield tag="340" ind1=" " ind2=" ">
      <subfield code="m">folio</subfield>
      <subfield code="2">rdabf</subfield>
    </datafield>
    <datafield tag="500" ind1=" " ind2=" ">
      <subfield code="a">Signatures: a⁸ b-z⁶, A-2A⁶ 2B⁸ 2C⁴ 2D-2N⁶ 2O⁸ 2P-2R⁶ 2S⁴.</subfield>
    </datafield>
    <datafield tag="500" ind1=" " ind2=" ">
      <subfield code="a">Printer's device on each title page; verso of the final leaf.</subfield>
    </datafield>
    <datafield tag="500" ind1=" " ind2=" ">
      <subfield code="a">Errors in pagination.</subfield>
    </datafield>
    <datafield tag="500" ind1=" " ind2=" ">
      <subfield code="a">Date from colophon which reads: Basileae, per Ioannem Heruagium et Ioannem Oporinum, anno salutis humanae M.D. LIIII. Mense Septembri.</subfield>
    </datafield>
    <datafield tag="500" ind1=" " ind2=" ">
      <subfield code="a">Part 2 has title: "Austria Ioannes Cuspiniani cum omnibus eiusdem marchionibus, ducibus, archiducibus, ac rebus praeclare ad haec usq[ue] tempora ab ijsdem gestis. Eiusdem Ioannis Cuspiniani oratio protreptica ad S. Ro. impreij principes &amp; proceres ut bellu[m] suscipiant contra Turcum: cum descriptione conflictus in Hungaria facti, quo perijt rex Hungariae Ludovicus, &amp; qua uia Turcus Solemet ad Budam usq[ue] peruenerit ex Alba Graeca, cum enumeratione clara dotium, quibus a natura dotata est Hungaria : &amp; infertione multarum rerum annotatu dignissimarum. Accessit chronicon magistri Alberti Argentinensis, incipiens a Rudolpho primo Habspurgensi, usq[ue] ad sua tempora. Cum Gasparis Bruschii poetae laureati &amp; comitis palatini praefatione, quae carmine elegiaco scripta, encomion eiusdem Austriae continet."</subfield>
    </datafield>
    <datafield tag="500" ind1=" " ind2=" ">
      <subfield code="a">Printed marginalia and index aids.</subfield>
    </datafield>
    <datafield tag="500" ind1=" " ind2=" ">
      <subfield code="a">Includes index.</subfield>
    </datafield>
    <datafield tag="500" ind1=" " ind2=" ">
      <subfield code="a">Contains also a biography of Cassiodorus by Cuspinianus (pages 70-72).</subfield>
    </datafield>
    <datafield tag="500" ind1=" " ind2=" ">
      <subfield code="a">Printer's device (Arion on delphin) on title page.</subfield>
    </datafield>
    <datafield tag="510" ind1="4" ind2=" ">
      <subfield code="a">Verzeichnis der im deutschen Sprachbereich erschienenen Drucke des 16. Jahrhunderts (VD 16),</subfield>
      <subfield code="c">C 6486</subfield>
      <subfield code="u">https://gateway-bayern.de/VD16+C+6486</subfield>
    </datafield>
    <datafield tag="651" ind1=" " ind2="0">
      <subfield code="a">Holy Roman Empire</subfield>
      <subfield code="x">History.</subfield>
    </datafield>
    <datafield tag="651" ind1=" " ind2="0">
      <subfield code="a">Austria</subfield>
      <subfield code="x">Foreign relations.</subfield>
    </datafield>
    <datafield tag="651" ind1=" " ind2="0">
      <subfield code="a">Turkey</subfield>
      <subfield code="x">History</subfield>
      <subfield code="v">Early works to 1800.</subfield>
    </datafield>
    <datafield tag="651" ind1=" " ind2="6">
      <subfield code="a">Saint Empire romain germanique</subfield>
      <subfield code="x">Histoire.</subfield>
    </datafield>
    <datafield tag="651" ind1=" " ind2="6">
      <subfield code="a">Autriche</subfield>
      <subfield code="x">Relations extérieures.</subfield>
    </datafield>
    <datafield tag="651" ind1=" " ind2="6">
      <subfield code="a">Turquie</subfield>
      <subfield code="x">Histoire</subfield>
      <subfield code="v">Ouvrages avant 1800.</subfield>
    </datafield>
    <datafield tag="650" ind1=" " ind2="7">
      <subfield code="a">Diplomatic relations</subfield>
      <subfield code="2">fast</subfield>
    </datafield>
    <datafield tag="651" ind1=" " ind2="7">
      <subfield code="a">Austria</subfield>
      <subfield code="2">fast</subfield>
      <subfield code="1">https://id.oclc.org/worldcat/entity/E39PBJx8BTwr9ybyyMq4GVJFKd</subfield>
    </datafield>
    <datafield tag="651" ind1=" " ind2="7">
      <subfield code="a">Europe</subfield>
      <subfield code="z">Holy Roman Empire</subfield>
      <subfield code="2">fast</subfield>
    </datafield>
    <datafield tag="651" ind1=" " ind2="7">
      <subfield code="a">Turkey</subfield>
      <subfield code="2">fast</subfield>
      <subfield code="1">https://id.oclc.org/worldcat/entity/E39PBJxmHG9jJjCTM3y4pFRqcP</subfield>
    </datafield>
    <datafield tag="655" ind1=" " ind2="7">
      <subfield code="a">Early works</subfield>
      <subfield code="2">fast</subfield>
    </datafield>
    <datafield tag="655" ind1=" " ind2="7">
      <subfield code="a">History</subfield>
      <subfield code="2">fast</subfield>
    </datafield>
    <datafield tag="700" ind1="1" ind2="2">
      <subfield code="i">Container of (work):</subfield>
      <subfield code="a">Rufus, Sextus.</subfield>
      <subfield code="t">De historia Romana.</subfield>
    </datafield>
    <datafield tag="700" ind1="0" ind2=" ">
      <subfield code="i">Container of (work):</subfield>
      <subfield code="a">Cassiodorus,</subfield>
      <subfield code="c">Senator,</subfield>
      <subfield code="d">approximately 487-approximately 580.</subfield>
      <subfield code="t">Chronica.</subfield>
    </datafield>
    <datafield tag="700" ind1="1" ind2=" ">
      <subfield code="i">Container of (work):</subfield>
      <subfield code="a">Cuspinianus, Johannes,</subfield>
      <subfield code="d">1473-1529.</subfield>
      <subfield code="t">Austria.</subfield>
    </datafield>
    <datafield tag="700" ind1="0" ind2=" ">
      <subfield code="a">Albert,</subfield>
      <subfield code="c">of Strassburg,</subfield>
      <subfield code="d">-1378.</subfield>
    </datafield>
    <datafield tag="700" ind1="0" ind2=" ">
      <subfield code="i">Container of (work)</subfield>
      <subfield code="a">Matthias,</subfield>
      <subfield code="c">of Neuenburg,</subfield>
      <subfield code="d">1295?-1364.</subfield>
      <subfield code="t">Chronicon.</subfield>
    </datafield>
    <datafield tag="700" ind1="1" ind2=" ">
      <subfield code="a">Gerbel, Nicolaus,</subfield>
      <subfield code="d">approximately 1485-1560,</subfield>
      <subfield code="e">writer of introduction.</subfield>
      <subfield code="4">win</subfield>
      <subfield code="1">https://id.oclc.org/worldcat/entity/E39PBJyh9G4jvQv4FKRywQCfbd</subfield>
    </datafield>
    <datafield tag="700" ind1="1" ind2=" ">
      <subfield code="a">Fugger, Johann Jakob,</subfield>
      <subfield code="d">1516-1575,</subfield>
      <subfield code="e">dedicatee.</subfield>
      <subfield code="4">dte</subfield>
      <subfield code="1">https://id.oclc.org/worldcat/entity/E39PBJhXbMjpBX7HGG9KV77CQq</subfield>
    </datafield>
    <datafield tag="700" ind1="1" ind2=" ">
      <subfield code="a">Lechner, Gregorius,</subfield>
      <subfield code="e">dedicatee.</subfield>
      <subfield code="4">dte</subfield>
    </datafield>
    <datafield tag="700" ind1="1" ind2=" ">
      <subfield code="a">Lechner, Jakob,</subfield>
      <subfield code="d">-1584,</subfield>
      <subfield code="e">dedicatee.</subfield>
      <subfield code="4">dte</subfield>
      <subfield code="1">https://id.oclc.org/worldcat/entity/E39PCjJKFxD4X8mD7pCwhMfDYK</subfield>
    </datafield>
    <datafield tag="700" ind1="1" ind2=" ">
      <subfield code="a">Brusch, Kaspar,</subfield>
      <subfield code="d">1518-1557,</subfield>
      <subfield code="e">contributor.</subfield>
      <subfield code="4">ctb</subfield>
      <subfield code="1">https://id.oclc.org/worldcat/entity/E39PBJk93HjQvDpkk7FW9qR3Qq</subfield>
    </datafield>
    <datafield tag="700" ind1="1" ind2=" ">
      <subfield code="a">Vel, Caspar Ursinus,</subfield>
      <subfield code="d">1493-1538,</subfield>
      <subfield code="e">writer of added lyrics.</subfield>
      <subfield code="4">wal</subfield>
      <subfield code="1">https://id.oclc.org/worldcat/entity/E39PBJcGgxgJh6BkMpC3mFPRKd</subfield>
    </datafield>
    <datafield tag="700" ind1="1" ind2=" ">
      <subfield code="a">Brassicanus, Joannes Alexander,</subfield>
      <subfield code="d">1500-1539,</subfield>
      <subfield code="e">writer of added lyrics.</subfield>
      <subfield code="4">wal</subfield>
      <subfield code="1">https://id.oclc.org/worldcat/entity/E39PBJdmkmpqrPpv6XwQhRvyh3</subfield>
    </datafield>
    <datafield tag="700" ind1="1" ind2=" ">
      <subfield code="a">Oporinus, Joannes,</subfield>
      <subfield code="d">1507-1568,</subfield>
      <subfield code="e">printer.</subfield>
      <subfield code="4">prt</subfield>
      <subfield code="1">https://id.oclc.org/worldcat/entity/E39PBJjMFW8PFDM7bqhQkh3xXd</subfield>
    </datafield>
    <datafield tag="700" ind1="1" ind2=" ">
      <subfield code="a">Herwagen, Johann,</subfield>
      <subfield code="d">1497-1559?</subfield>
      <subfield code="e">printer.</subfield>
      <subfield code="4">prt</subfield>
      <subfield code="1">https://id.oclc.org/worldcat/entity/E39PBJfCr8PgpFYQ6gggQqcpT3</subfield>
    </datafield>
    <datafield tag="700" ind1="0" ind2=" ">
      <subfield code="a">Ferdinand</subfield>
      <subfield code="b">I,</subfield>
      <subfield code="c">Holy Roman Emperor,</subfield>
      <subfield code="d">1503-1564,</subfield>
      <subfield code="e">censor.</subfield>
      <subfield code="4">cns</subfield>
      <subfield code="1">https://id.oclc.org/worldcat/entity/E39PBJdRBPFX6gWWw8D7KydxXd</subfield>
    </datafield>
    <datafield tag="752" ind1=" " ind2=" ">
      <subfield code="a">Switzerland</subfield>
      <subfield code="d">Basel,</subfield>
      <subfield code="e">publication place.</subfield>
      <subfield code="4">pup</subfield>
    </datafield>
  </record>